000 01575nam a2200373 a 4500
001 ebr10499006
003 CaPaEBR
006 m u
007 cr cn|||||||||
008 111025s2011 enka sb 001 0 eng d
020 _z0335242375 (pbk.)
020 _z9780335242375
020 _z9780335242382 (e-book)
040 _aCaPaEBR
_cCaPaEBR
035 _a(OCoLC)763157242
043 _ae-uk---
050 1 4 _aLB1737.G7
_bB43 2011eb
245 0 0 _aBecoming a teacher
_h[electronic resource] :
_bissues in secondary education /
_cedited by Justin Dillon and Meg Maguire.
250 _a4th ed.
260 _aMaidenhead [England] :
_bOpen University,
_c2011.
300 _axx, 395 p. :
_bill.
504 _aIncludes bibliographical references and index.
505 0 _apt. 1. First thoughts -- pt. 2. Policy, society and schooling -- pt. 3. Teaching and learning -- pt. 4. Across the curriculum.
533 _aElectronic reproduction.
_bPalo Alto, Calif. :
_cebrary,
_d2011.
_nAvailable via World Wide Web.
_nAccess may be limited to ebrary affiliated libraries.
650 0 _aHigh school teaching
_zGreat Britain.
650 0 _aHigh school teaching
_xSocial aspects
_zGreat Britain.
650 0 _aClassroom management
_zGreat Britain.
650 0 _aCurriculum planning
_zGreat Britain.
655 7 _aElectronic books.
_2local
700 1 _aDillon, Justin.
700 1 _aMaguire, Meg,
_d1949-
710 2 _aebrary, Inc.
856 4 0 _uhttp://site.ebrary.com/lib/rucke/Doc?id=10499006
_zAn electronic book accessible through the World Wide Web; click to view
999 _c132431
_d132431